000 00217nam a22000857a 4500
008 160706b xxu||||| |||| 00| 0 eng d
100 _92305
_a Arya Book Depot
245 _aThe Quiz Master
260 _aNew Delhi
_bArya
_c2003
999 _c1985
_d1985